01031 a2200169 45000010006000000050017000060080041000230030015000640400040000790800033001192450040001522640032001923000019002245050592002430410008008351000018008435673120260407155830.0260407a arg spa d AR-UNSa-BCEJYS aAR-UNSa-BCEJYSbspacAR-UNSa-BCEJYS a330.101.541xMacroeconomía10aIntroducción a la macroeconomía 1aBuenos Aires :bEl Coloquio a207 p.c26 cm. a1. Definición de economía - 2. Normas de cátedra – 3. Producto bruto o valor agregado – 4. Índice de precios implícitos – 5. La función consumo – 6. El ahorro monetario y la tasa real de interés – 7. La función ahorro – 8. La función ahorro cuando se introduce el sector externo – 9. Ejercicio – 10. Ingreso de equilibrio – 11. Ingreso de equilibrio con sector externo y con sector gobierno – 12. Operaciones de cambio – 13. Mercado del dinero e indexación – 14. Política económica – 15. La ecuación de cambio – 16. Oferta de dinero  aspa1 aGaba, Ernesto